Chansons les plus streamées : Alain Souchon - Statistiques

Statistiques générales
  • Ce quiz a été pris 117 fois
  • Le résultat moyen est 5 sur 10
Statistiques - réponses
Nb de streams Chanson % Correct
64 500 000 Foule sentimentale
93%
8 500 000 Allô maman bobo
71%
17 500 000 La ballade de Jim
68%
10 000 000 J'ai dix ans
66%
18 000 000 L'amour à la machine
59%
23 000 000 Le baiser
49%
6 500 000 Sous les jupes des filles
41%
14 500 000 La vie ne vaut rien
28%
7 000 000 Quand j'serai K.O.
22%
9 000 000 Presque
21%
Aucun quiz correspondant
Distribution des résultats
% des personnes avec chaque résultat
Percentile par nombre de réponses
Votre historique - résultats
Vous n’avez pas pris ce quiz